ARRUPE JESUIT UNIVERSITY

CORONAVIRUS -STOP THE SPREAD - CLEAN,DISINFECT,COVER

Man's economic environment (Record no. 131830)

MARC details
000 -LEADER
fixed length control field 00511nam a22001697a 4500
008 - FIXED-LENGTH DATA ELEMENTS--GENERAL INFORMATION
fixed length control field 240306b |||||||| |||| 00| 0 eng d
020 ## - INTERNATIONAL STANDARD BOOK NUMBER
International Standard Book Number 0070124086.
050 ## - LIBRARY OF CONGRESS CALL NUMBER
Classification number HF1025.C773
100 ## - MAIN ENTRY--PERSONAL NAME
Personal name Conkling,Edgar C
9 (RLIN) 52535
245 ## - TITLE STATEMENT
Title Man's economic environment
Statement of responsibility, etc Edgar C.Conkling.
260 ## - PUBLICATION, DISTRIBUTION, ETC. (IMPRINT)
Place of publication, distribution, etc New York:
Name of publisher, distributor, etc McGRAW-HILL BOOK COMPANY,
Date of publication, distribution, etc 1976.
300 ## - PHYSICAL DESCRIPTION
Extent xi;
Other physical details 308p,
Dimensions 24cm.
650 ## - SUBJECT ADDED ENTRY--TOPICAL TERM
Topical term or geographic name as entry element Geography,economic
9 (RLIN) 52536
650 ## - SUBJECT ADDED ENTRY--TOPICAL TERM
Form subdivision land,
9 (RLIN) 52537
650 ## - SUBJECT ADDED ENTRY--TOPICAL TERM
General subdivision industries location of
9 (RLIN) 52538
942 ## - ADDED ENTRY ELEMENTS (KOHA)
Source of classification or shelving scheme Library of Congress Classification
Item type Monograph ( Printed materials)
Holdings
Withdrawn status Lost status Source of classification or shelving scheme Damaged status Not for loan Home library Current library Shelving location Date acquired Total Checkouts Full call number Barcode Date last seen Price effective from Koha item type
    Library of Congress Classification     ARRUPE LIBRARY ARRUPE LIBRARY Main Collection 06/03/2024   HF1025.C773 46600009176 06/03/2024 06/03/2024 Monograph ( Printed materials)

 

Arrupe Library. PO Box MP320 Mt Pleasant, Harare, Zimbabwe
263 242 745411|librarian@aju.ac.zw